00175nam a22000857a 4500040000700000082000800007100001600015245003900031260001900070 cSY a344 aDEAP LOEUNG aFish gears of the cambodian mekong aRUAbDEAc2003